Los que viven conmigo

Guardat en:
Dades bibliogràfiques
Autor principal: Jiménez, Carlos María
Format: Llibre
Idioma:Undetermined
Publicat: San José, Costa Rica Mesén Editores 1983
Matèries:
Etiquetes: Afegir etiqueta
Sense etiquetes, Sigues el primer a etiquetar aquest registre!

MARC

LEADER 00000nam a2200000Ia 4500
008 170316s9999 xx 000 0 und d
040 |a cru BVZT 
090 |a 868 J-4q 
100 |a Jiménez, Carlos María 
245 |a Los que viven conmigo 
260 |a San José, Costa Rica 
260 |b Mesén Editores 
260 |c 1983 
300 |a 76 páginas 
650 |a LITERATURA COSTARRICENSE 
650 |a POESÍA 
942 |c 15 D 
999 |c 11225  |d 11225